000 01117nam a22002417a 4500
005 20110913152830.0
008 110913t xxu||||| |||| 00| 0 mar d
010 _aMAR-21345
020 _c190.00
_a9788184982787
035 _aMR-14003
037 _bDBAD/PUB
040 _aDPL
_bMR
082 _a823
100 _934729
_aफान,नॅन्सी यी
245 _aतलवारीचा शोध /
_cनॅन्सी यी फान ; मंजूषा आमडेकर द्वारा अनुवादित
246 _aTalwaricha Shodh
_bby Nncy Yi Fan
260 _aपुणे
_bमेहता पब्लिशिंग हाऊस
_c2011
270 _bपुणे
_a1941,सदाशिव पेठ,माडीवाले कॉलनी
_e411030
300 _a208पृ.
_c21सेमी(अजिल्द)
700 _aआमडेकर,मंजुषा
_934791
942 _2ddc
_cMR
_mफाननॅ
_h823
999 _c56814
_d56814